[Event "GRENKE Chess Open 2018"]
[Site "Karlsruhe GER"]
[Date "2018.03.30"]
[Round "2.28"]
[White "Hecht, Carsten"]
[Black "Antal, Gergely"]
[Result "1/2-1/2"]
[BlackTitle "GM"]
[WhiteElo "2255"]
[BlackElo "2540"]
[WhiteFideId "24693928"]
[BlackFideId "717312"]
[EventDate "2018.03.29"]

1. e4 c6 2. d4 d5 3. Nc3 dxe4 4. Nxe4 Bf5 5. Ng3 Bg6 6. h4 h6 7. Nf3 Nd7 8. Bd3
Bxd3 9. Qxd3 e6 10. Bd2 Ngf6 11. O-O-O Bd6 12. Ne4 Nxe4 13. Qxe4 Nf6 14. Qe2 Bc7
15. Kb1 Qd5 16. Rhe1 b5 17. Ne5 O-O 18. Bc1 c5 19. Qxb5 Rab8 20. Qa6 Rb6 21.
Qxa7 Rc8 22. c4 Qxg2 23. dxc5 Rbb8 24. c6 Bxe5 25. Rxe5 Qg6+ 26. Ka1 Qc2 27.
Ree1 Ra8 28. Qb7 Kh7 29. a3 Ne4 30. Qe7 Rxc6 31. Qb7 Raa6 32. Be3 Qxc4 33. Rd4
Nd6 34. Rxc4 1/2-1/2

[Event "GRENKE Chess Open 2018"]
[Site "Karlsruhe GER"]
[Date "2018.03.30"]
[Round "2.29"]
[White "Danin, Alexandre"]
[Black "Wachinger, Nikolas"]
[Result "1-0"]
[WhiteTitle "GM"]
[WhiteElo "2540"]
[BlackElo "2253"]
[WhiteFideId "4144031"]
[BlackFideId "12962791"]
[EventDate "2018.03.29"]

1. d4 Nf6 2. g3 d5 3. Nf3 c5 4. Bg2 cxd4 5. Nxd4 e5 6. Nb3 Be6 7. O-O h6 8. Nc3
Nc6 9. Qd3 Nb4 10. Qd2 Bf5 11. e4 dxe4 12. Qe2 Qc7 13. Nxe4 Nxe4 14. Bxe4 Bxe4
15. Qxe4 Be7 16. Bd2 Nc6 17. Bc3 O-O 18. Rfe1 Rac8 19. Rad1 Rfd8 20. Rxd8+ Bxd8
21. Bxe5 Nxe5 22. Qxe5 Qxe5 23. Rxe5 Bf6 24. Rc5 Re8 25. Rc7 Re1+ 26. Kg2 Rb1
27. Rxb7 Rxb2 28. Rxa7 Rxc2 29. Kf1 Rb2 30. Ra4 Be7 31. Re4 Ba3 32. Re2 Rb1+ 33.
Kg2 g6 34. Rc2 Kg7 35. h4 h5 36. Nd4 Kf6 37. Nf3 Be7 38. Re2 Bd8 39. Re8 Be7 40.
Ng5 Rb2 41. a4 Ra2 42. Ne4+ Ke6 43. Ra8 Kf5 44. Nc3 Rc2 45. Ra5+ Ke6 46. Ne4 Ra2
47. Ra7 Bd8 48. Ra6+ Ke5 49. Nd6 Ke6 50. Nb7+ Ke7 51. Nxd8 Kxd8 52. Ra7 Ke8 53.
a5 Kf8 54. a6 Kg7 55. Kf3 Kf6 56. Ke3 Ke6 57. Kd4 Rxf2 58. Rc7 Ra2 59. a7 f6 60.
Kc5 Kf5 61. Kb5 Rb2+ 62. Ka4 Ra2+ 63. Kb5 Rb2+ 64. Ka4 Ra2+ 65. Kb3 Ra6 66. Kb4
Kg4 67. Kb5 Rxa7 68. Rxa7 Kxg3 69. Rg7 g5 70. hxg5 fxg5 71. Rxg5+ Kh4 72. Rg6
Kh3 1-0

[Event "GRENKE Chess Open 2018"]
[Site "Karlsruhe GER"]
[Date "2018.03.30"]
[Round "2.30"]
[White "Giessmann, Stephan"]
[Black "Kuljasevic, Davorin"]
[Result "0-1"]
[BlackTitle "GM"]
[WhiteElo "2252"]
[BlackElo "2538"]
[WhiteFideId "4678540"]
[BlackFideId "14506661"]
[EventDate "2018.03.29"]

1. d4 Nf6 2. Nf3 d5 3. Bg5 Ne4 4. Bf4 c5 5. e3 Qb6 6. Qc1 Nc6 7. c3 Bf5 8. Nbd2
e6 9. Nh4 Nxd2 10. Qxd2 Be4 11. f3 Bg6 12. Nxg6 hxg6 13. Qc2 O-O-O 14. Qb3 Bd6
15. Bxd6 Rxd6 16. Qxb6 axb6 17. f4 Ne7 18. Bd3 Rdd8 19. Kf2 Kc7 20. a3 Nc8 21.
Rad1 Nd6 22. Kf3 Rh6 23. h3 f6 24. Rhe1 f5 25. Rc1 c4 26. Bc2 Nf7 27. Kf2 g5 28.
Bd1 gxf4 29. exf4 g5 30. fxg5 Nxg5 31. Bf3 Rg8 32. Rh1 Rh4 33. Rce1 Kd6 34. Re3
Rg6 35. Rhe1 Rhh6 36. Rh1 Rh4 37. Rhe1 Kd7 38. R3e2 Rh8 39. Rh1 Rh4 40. Rhe1 Rh7
41. Rh1 Rgh6 42. Rhe1 Kd6 43. Rh1 Rh8 44. Rhe1 Rg8 45. Rh1 Rhg6 46. Rh2 Ne4+ 47.
Bxe4 dxe4 48. Re3 e5 49. dxe5+ Kxe5 50. g3 Rd6 51. Rg2 Rd1 52. h4 Rgd8 53. Re2
R8d3 54. Rh2 f4 55. gxf4+ Kxf4 56. h5 Rf3+ 57. Kg2 Rg3+ 58. Kf2 e3+ 0-1

[Event "GRENKE Chess Open 2018"]
[Site "Karlsruhe GER"]
[Date "2018.03.30"]
[Round "2.31"]
[White "Bomans, Arno"]
[Black "Malakhatko, Vadim"]
[Result "0-1"]
[WhiteTitle "FM"]
[BlackTitle "GM"]
[WhiteElo "2250"]
[BlackElo "2536"]
[WhiteFideId "206024"]
[BlackFideId "14104202"]
[EventDate "2018.03.29"]

1. e4 c5 2. Nf3 e6 3. d4 cxd4 4. Nxd4 Nc6 5. Nc3 Qc7 6. Be3 a6 7. Qf3 Ne5 8. Qg3
h5 9. h4 d6 10. O-O-O Nf6 11. Bf4 Bd7 12. Nf3 Nfg4 13. Be2 b5 14. Rd4 Bc6 15.
Rhd1 Rc8 16. Rxd6 Bxd6 17. Rxd6 Qxd6 18. Nxe5 Qe7 19. Nxc6 Rxc6 20. f3 b4 21.
Na4 Nf6 22. Qxg7 Rg8 23. Qh6 Rxg2 24. Bg5 Rxe2 25. Qh8+ Kd7 26. e5 Re1+ 27. Kd2
Rxe5 28. Qb8 Qd6+ 0-1

[Event "GRENKE Chess Open 2018"]
[Site "Karlsruhe GER"]
[Date "2018.03.30"]
[Round "2.32"]
[White "Kollars, Dmitrij"]
[Black "Lavrinenkov, Vadim"]
[Result "1-0"]
[WhiteTitle "GM"]
[WhiteElo "2534"]
[BlackElo "2249"]
[WhiteFideId "12909572"]
[BlackFideId "12908452"]
[EventDate "2018.03.29"]

1. e4 e5 2. Nf3 Nc6 3. Bb5 Nf6 4. d3 Bc5 5. Bxc6 dxc6 6. Nc3 Qe7 7. Be3 Bd7 8.
Bxc5 Qxc5 9. Qd2 O-O 10. h3 Rfe8 11. O-O Rad8 12. Ne2 Bc8 13. Ng3 Nd7 14. b4 Qd6
15. Nf5 Qf6 16. Nh2 Nf8 17. Ng4 Qg6 18. f4 Bxf5 19. exf5 Qxf5 20. fxe5 Qg6 21.
Qe3 b6 22. Rf3 h5 23. Nf6+ gxf6 24. Rg3 Rxe5 25. Rxg6+ fxg6 26. Qf2 Kf7 27. Re1
Rxe1+ 28. Qxe1 Ne6 29. Qc3 c5 30. a3 Rd5 31. Qc4 Rg5 32. c3 Ke7 33. Qe4 Kd6 34.
bxc5+ Rxc5 35. Qxg6 Rxc3 36. Qxh5 Rxd3 37. Qg4 Ke7 38. h4 Rd7 39. Qf5 c5 40. h5
Ng5 41. h6 Rd8 42. Qf4 Rc8 43. Kf2 Kf7 44. Qg4 Rd8 45. Qa4 a5 46. Qc6 Kg6 47.
Qc7 Nf7 48. Qxb6 Rd2+ 49. Kf1 c4 50. Qxa5 Rd3 51. a4 Nxh6 52. Qc5 Nf5 53. g4
Ne3+ 54. Ke2 Nxg4 55. Qxc4 Rg3 56. Qf4 Rg1 57. a5 f5 58. Qd6+ Kg5 59. a6 Ra1 60.
Qe7+ Kf4 61. a7 Ra2+ 62. Kd1 Kg3 63. Qb7 f4 64. a8=Q Rxa8 65. Qxa8 f3 66. Qb8+
Kg2 67. Qg8 Kg3 68. Qg5 Kh3 69. Ke1 Kg3 70. Kf1 f2 71. Ke2 Kh3 72. Qf5 Kg3 73.
Qf3+ Kh4 74. Qf4 Kh3 75. Kf1 Nh2+ 76. Kxf2 Ng4+ 77. Ke2 Nh2 78. Qg5 Ng4 79. Kf3
Nh2+ 80. Kf4 Nf1 81. Qg1 Ng3 82. Qxg3# 1-0

[Event "GRENKE Chess Open 2018"]
[Site "Karlsruhe GER"]
[Date "2018.03.30"]
[Round "2.33"]
[White "Hoerstmann, Martin"]
[Black "Lampert, Jonas"]
[Result "0-1"]
[WhiteTitle "FM"]
[BlackTitle "IM"]
[WhiteElo "2248"]
[BlackElo "2532"]
[WhiteFideId "4602730"]
[BlackFideId "1303759"]
[EventDate "2018.03.29"]

1. Nf3 d5 2. b3 Nf6 3. Bb2 e6 4. g3 Be7 5. Bg2 b6 6. O-O O-O 7. c4 Bb7 8. e3
dxc4 9. bxc4 c5 10. Qe2 Nc6 11. Rd1 Qc7 12. Nc3 Rac8 13. d3 Rfd8 14. Rd2 a6 15.
Rb1 h6 16. Ba1 Rb8 17. h3 Nd7 18. Ne4 Na5 19. Nh4 Bxe4 20. Bxe4 Bf6 21. Bxf6
Nxf6 22. Bg2 b5 23. cxb5 axb5 24. Rc2 Nd5 25. Rbc1 c4 26. dxc4 Nb4 27. cxb5 Nxc2
28. Rxc2 Qe5 29. Bf1 Qa1 30. Nf3 Rd1 31. Kg2 e5 32. Nh2 Rd6 33. Qg4 Qb1 34. Rc8+
Rd8 35. Rc7 Qxa2 36. Qe4 Qd5 37. Qxd5 Rxd5 38. Ng4 e4 39. f4 exf3+ 40. Kxf3 Rf5+
41. Kg2 Nb7 42. e4 Rc5 43. Rd7 Rc2+ 44. Kf3 Nc5 45. Rd4 Nb3 46. Rb4 Nd2+ 47. Ke2
Nxf1+ 48. Kxf1 Rc5 49. Kf2 Rcxb5 50. Rxb5 Rxb5 51. Kf3 Kf8 52. Kf4 Rb3 53. h4
Ke7 54. Ne5 Rc3 55. h5 Rc1 56. Nf3 Rh1 57. Nh4 Ke6 58. Nf5 Rf1+ 59. Kg4 Ke5 60.
Nxg7 Kxe4 61. Kh3 Kf3 62. Kh2 Kg4 63. Kg2 Re1 64. Kf2 Re7 0-1

[Event "GRENKE Chess Open 2018"]
[Site "Karlsruhe GER"]
[Date "2018.03.30"]
[Round "2.34"]
[White "Van Wissen, Michiel"]
[Black "Schneider, Ilja"]
[Result "0-1"]
[WhiteTitle "FM"]
[BlackTitle "IM"]
[WhiteElo "2245"]
[BlackElo "2513"]
[WhiteFideId "1003690"]
[BlackFideId "4663306"]
[EventDate "2018.03.29"]

1. e4 e5 2. Nf3 d6 3. d4 exd4 4. Nxd4 Nf6 5. Nc3 Be7 6. Be2 O-O 7. Bf4 Nbd7 8.
Qd2 Nc5 9. f3 d5 10. e5 Ne8 11. O-O-O c6 12. g4 f6 13. exf6 Bxf6 14. Be3 Ne6 15.
Nxe6 Bxe6 16. g5 Be5 17. f4 Bc7 18. Kb1 Nd6 19. Bd3 Bf5 20. Bc5 Qd7 21. Ne2 Rae8
22. Rde1 b6 23. Bxd6 Qxd6 24. Bxf5 Rxf5 25. Rhf1 Ref8 26. Qd3 Qd7 27. Qh3 c5 28.
Ng3 R5f7 29. Qxd7 Rxd7 30. Nh5 Rdf7 31. h4 Bxf4 32. c3 Bd6 33. Rxf7 Kxf7 34. Kc2
Kg6 35. Re6+ Kxh5 36. Rxd6 Kxh4 37. Rxd5 Rf7 38. Kb3 h5 39. gxh6 gxh6 40. a4 h5
41. Kc4 Kg4 42. Rd8 Rh7 43. Rg8+ Kf3 44. Rf8+ Ke2 45. Re8+ Kd2 46. Rd8+ Kc2 47.
b4 h4 48. Rf8 h3 49. Rf2+ Kd1 50. bxc5 h2 51. Rf1+ Ke2 52. Rh1 bxc5 53. Kxc5 Kf3
54. c4 Kg2 55. Rxh2+ Rxh2 56. Kb5 Kf3 57. c5 Ke4 58. Kc6 Rh6+ 59. Kb7 Kd5 0-1

[Event "GRENKE Chess Open 2018"]
[Site "Karlsruhe GER"]
[Date "2018.03.30"]
[Round "2.35"]
[White "Wild, Achim"]
[Black "Valsecchi, Alessio"]
[Result "0-1"]
[BlackTitle "IM"]
[WhiteElo "2244"]
[BlackElo "2510"]
[WhiteFideId "4658728"]
[BlackFideId "818860"]
[EventDate "2018.03.29"]

1. Nf3 c5 2. c4 Nf6 3. d4 cxd4 4. Nxd4 Nc6 5. Nc3 e6 6. a3 Be7 7. e4 O-O 8. Nf3
Qc7 9. Be2 b6 10. Bg5 Bb7 11. Rc1 Rad8 12. O-O Qb8 13. Re1 h6 14. Bh4 d6 15. h3
Rfe8 16. Bg3 Nd7 17. Bf1 Nde5 18. Nh2 Ng6 19. f4 Bf6 20. Nf3 d5 21. cxd5 Nxf4
22. dxc6 Rxd1 23. Nxd1 Bxc6 24. Rxc6 Nxh3+ 25. Kh2 Qa8 26. Rc7 Ng5 27. Nxg5 Bxg5
28. Nc3 Qd8 29. Rd1 Qf6 30. Rdd7 Qxf1 31. Rxa7 Bf4 32. Rab7 h5 33. Bxf4 Qxf4+
34. Kh1 h4 35. Rxb6 h3 0-1

[Event "GRENKE Chess Open 2018"]
[Site "Karlsruhe GER"]
[Date "2018.03.30"]
[Round "2.36"]
[White "Gungl, Theo"]
[Black "Ider, Borya"]
[Result "0-1"]
[WhiteTitle "FM"]
[BlackTitle "IM"]
[WhiteElo "2242"]
[BlackElo "2505"]
[WhiteFideId "24695653"]
[BlackFideId "4901134"]
[EventDate "2018.03.29"]

1. e4 d5 2. exd5 Nf6 3. Bb5+ Bd7 4. Be2 Nxd5 5. d4 c6 6. c4 Nf6 7. Nf3 Bf5 8.
Nc3 e6 9. O-O Be7 10. Bf4 O-O 11. Qb3 Qb6 12. Qxb6 axb6 13. a3 Nbd7 14. Rfd1 h6
15. h3 Rfc8 16. Ne5 Rd8 17. Rac1 Ne4 18. Bf3 Ndf6 19. Ng4 Nd6 20. Ne3 Bg6 21. d5
exd5 22. cxd5 c5 23. g3 Nfe8 24. Be5 Bg5 25. Be2 Rd7 26. f4 Be7 27. Nb5 Ne4 28.
Kg2 f6 29. Bg4 Rdd8 30. Bc3 Nxc3 31. Nxc3 Nd6 32. Be6+ Kf8 33. g4 b5 34. f5 Be8
35. Kf3 b6 36. Rd2 Ra7 37. Rcd1 Nb7 38. Ne4 Bd6 39. Nxd6 Nxd6 40. Nf1 Ra4 41.
Ng3 b4 42. axb4 Rxb4 43. Ra1 Rb3+ 44. Kf2 Rxg3 45. Kxg3 Ne4+ 46. Kf4 Nxd2 47.
Ra7 Nc4 48. Rb7 b5 49. b3 Nd6 50. Rc7 c4 51. bxc4 Nxc4 52. Ke4 Rb8 53. Kd4 Ne5 0-1

[Event "GRENKE Chess Open 2018"]
[Site "Karlsruhe GER"]
[Date "2018.03.30"]
[Round "2.37"]
[White "Lobron, Eric"]
[Black "Tuomainen, Felix"]
[Result "1-0"]
[WhiteTitle "GM"]
[BlackTitle "FM"]
[WhiteElo "2503"]
[BlackElo "2242"]
[WhiteFideId "4600037"]
[BlackFideId "1720813"]
[EventDate "2018.03.29"]

1. Nf3 d6 2. d4 Bg4 3. e3 Nd7 4. Be2 g6 5. h3 Bxf3 6. Bxf3 c6 7. c4 Bg7 8. Nc3
Ngf6 9. O-O O-O 10. b3 Re8 11. Qc2 Qc7 12. Rd1 Rad8 13. Bb2 b5 14. cxb5 cxb5 15.
Rac1 Qb6 16. Nd5 Nxd5 17. Bxd5 e6 18. Bc6 d5 19. a4 b4 20. Qe2 a6 21. Rc2 Re7
22. a5 Qa7 23. Ba4 Bf8 24. Rdc1 Nb8 25. e4 Qb7 26. exd5 Bh6 27. d6 Rxd6 28. Rc8+
Bf8 29. Qe5 1-0

[Event "GRENKE Chess Open 2018"]
[Site "Karlsruhe GER"]
[Date "2018.03.30"]
[Round "2.38"]
[White "Schmitzer, Klaus"]
[Black "Riff, Jean-Noel"]
[Result "0-1"]
[WhiteTitle "FM"]
[BlackTitle "GM"]
[WhiteElo "2242"]
[BlackElo "2503"]
[WhiteFideId "4601971"]
[BlackFideId "611190"]
[EventDate "2018.03.29"]

1. e4 c5 2. Nf3 e6 3. d4 cxd4 4. Nxd4 a6 5. Nc3 Qc7 6. Bd3 Nf6 7. O-O d6 8. Be3
Nbd7 9. Kh1 b5 10. a3 Bb7 11. Qe2 Be7 12. f4 O-O 13. Bg1 Nc5 14. Rac1 Rac8 15.
Qe3 Qb8 16. b4 Ncd7 17. Nb1 Qa8 18. Nd2 g6 19. N4b3 e5 20. Na5 exf4 21. Qxf4 Ne5
22. Bd4 Nfd7 23. Qh6 Bf6 24. Nxb7 Qxb7 25. Nb3 Bg7 26. Qh3 Nb6 27. Na5 Qc7 28.
Be2 Na4 29. c3 Qe7 30. Bd1 Nb2 31. Bb3 Nbc4 32. Nxc4 Nxc4 33. Qd3 Rfe8 34. Bxg7
Kxg7 35. Rf4 Qe5 36. Rcf1 Re7 37. a4 Rcc7 38. axb5 axb5 39. h3 h6 40. R4f2 Kg8
41. Rf4 Nb2 42. Qd2 Nc4 43. Qd3 h5 44. Ba2 Red7 45. R4f2 Qg5 46. Qd4 Ne5 47. Qd5
Qe3 48. Qxb5 Qxc3 49. Bd5 Kg7 50. Rd1 Ra7 51. Rff1 Ra3 52. Qb8 Qb2 53. Rb1 Qd2
54. Qe8 Rg3 55. Rg1 Ng4 56. Rb3 Rxb3 57. Bxb3 Nf6 58. Qc8 Qxb4 59. Bd5 Re7 60.
Qd8 Nxd5 61. exd5 Re1 62. Qa8 Re5 63. Rd1 Qb2 64. Qa5 Rf5 65. Qe1 Qa2 66. Qc3+
Kh7 67. Qd3 Qb2 68. Qg3 Qc2 69. Qe1 Rf2 70. Rc1 Qd2 71. Rd1 Qxe1+ 72. Rxe1 Rd2 0-1

[Event "GRENKE Chess Open 2018"]
[Site "Karlsruhe GER"]
[Date "2018.03.30"]
[Round "2.39"]
[White "Korpa, Bence"]
[Black "Hristodorescu, Daniel"]
[Result "1-0"]
[WhiteTitle "GM"]
[BlackTitle "FM"]
[WhiteElo "2502"]
[BlackElo "2241"]
[WhiteFideId "706671"]
[BlackFideId "1203100"]
[EventDate "2018.03.29"]

1. Nf3 Nf6 2. g3 g6 3. Bg2 Bg7 4. d4 O-O 5. c4 d6 6. O-O c6 7. Nc3 Bf5 8. Ne1
Qc8 9. e4 Bg4 10. f3 Be6 11. d5 Bd7 12. Be3 cxd5 13. cxd5 b5 14. Rc1 Qb7 15. Nd3
b4 16. Ne2 a5 17. Nd4 Na6 18. Nc6 Bxc6 19. dxc6 Qb5 20. Rf2 Rfc8 21. Bf1 Qb8 22.
Nf4 Nc5 23. Nd5 Nxd5 24. exd5 a4 25. Kg2 b3 26. a3 h6 27. Qd2 Kh7 28. g4 Qc7 29.
h4 e6 30. h5 gxh5 31. Bd3+ Nxd3 32. Qxd3+ Kh8 33. Rh1 Ra5 34. dxe6 fxe6 35. Qg6
Rg8 36. Rxh5 Rxh5 37. Qxh5 Kh7 38. Qb5 Ra8 39. Bb6 Qf7 40. c7 1-0

[Event "GRENKE Chess Open 2018"]
[Site "Karlsruhe GER"]
[Date "2018.03.30"]
[Round "2.40"]
[White "Ruff, Maximilian"]
[Black "Noe, Christopher"]
[Result "0-1"]
[WhiteTitle "FM"]
[BlackTitle "IM"]
[WhiteElo "2237"]
[BlackElo "2494"]
[WhiteFideId "1271670"]
[BlackFideId "24692018"]
[EventDate "2018.03.29"]

1. d4 Nf6 2. c4 e6 3. Nc3 Bb4 4. Qc2 O-O 5. Nf3 b6 6. e4 Bxc3+ 7. bxc3 Bb7 8.
Bd3 h6 9. O-O d6 10. Bd2 Nc6 11. Rae1 e5 12. Qb2 Ba6 13. a4 Na5 14. Qa2 Re8 15.
Nh4 Nd5 16. Nf5 Ne7 17. Ne3 Ng6 18. Nf5 Nh4 19. Ng3 Qf6 20. Be3 Ng6 21. Nf5 d5
22. dxe5 Nxe5 23. Bd4 dxe4 24. Bxe4 Bxc4 25. Qc2 Bxf1 26. f4 Bd3 27. Bxd3 Nxd3
28. Rxe8+ Rxe8 29. Qxd3 Qg6 30. Bxg7 Nb7 31. Be5 Nd6 32. Bxd6 cxd6 33. Qd5 Qe6
34. Qxe6 Rxe6 35. Kf2 Re4 36. Kf3 Rxa4 37. Nxd6 Ra3 0-1

[Event "GRENKE Chess Open 2018"]
[Site "Karlsruhe GER"]
[Date "2018.03.30"]
[Round "2.41"]
[White "Bellahcene, Bilel"]
[Black "Blasco Coll, Andreu"]
[Result "1/2-1/2"]
[WhiteTitle "IM"]
[WhiteElo "2488"]
[BlackElo "2237"]
[WhiteFideId "696358"]
[BlackFideId "22272836"]
[EventDate "2018.03.29"]

1. e4 c6 2. d4 d5 3. e5 Bf5 4. h4 h5 5. Bd3 Bxd3 6. Qxd3 Qa5+ 7. Nd2 e6 8. Nf3
Ne7 9. O-O Nf5 10. c4 Be7 11. g3 Nd7 12. Rd1 Rd8 13. Qe2 g6 14. a3 Qa6 15. b3
Nb6 16. Bb2 O-O 17. a4 c5 18. a5 Nd7 19. dxc5 Bxc5 20. Kf1 Nb8 21. Rdc1 Be7 22.
c5 Qxe2+ 23. Kxe2 a6 24. Ra4 Nc6 25. g4 hxg4 26. Rxg4 Ng7 27. b4 Nh5 28. Rcg1
Kg7 29. Ne1 Rh8 30. Nd3 Kf8 31. Nf3 Ke8 32. Rb1 Ng7 33. Bc3 Na7 34. Rh1 Nb5 35.
Bd2 Nf5 36. Nde1 Kd7 37. Ng2 Rh5 38. Ng5 Nbd4+ 39. Kd3 Nc6 40. f4 Bxg5 41. Rxg5
Rdh8 42. Rxh5 Rxh5 43. Be1 Nce7 44. Bf2 Nc6 45. Kc3 Ng7 46. Rb1 Na7 47. Kd2 Nf5
48. Ke2 Kc6 49. Kd3 Kb5 50. Be1 Nc6 51. Bf2 d4 52. Ke4 Rh8 53. Ne1 Nxh4 54. Nc2
Nf5 55. Na3+ Ka4 56. Nc4 Rh2 57. Be1 Rh3 58. Ra1+ Kb5 59. Na3+ Ka4 60. Nc4+ Kb5 1/2-1/2

[Event "GRENKE Chess Open 2018"]
[Site "Karlsruhe GER"]
[Date "2018.03.30"]
[Round "2.42"]
[White "Wurzel, Andre"]
[Black "Poetsch, Hagen"]
[Result "0-1"]
[BlackTitle "IM"]
[WhiteElo "2237"]
[BlackElo "2484"]
[WhiteFideId "4634772"]
[BlackFideId "24615137"]
[EventDate "2018.03.29"]

1. Nf3 Nf6 2. c4 b6 3. e3 Bb7 4. b3 g6 5. Bb2 Bg7 6. Be2 O-O 7. O-O d6 8. d4
Nbd7 9. Qc2 d5 10. Nbd2 c5 11. dxc5 Nxc5 12. Rad1 Rc8 13. Qb1 Qd7 14. cxd5 Bxd5
15. Bc4 Ba8 16. Ne5 Qb7 17. Ndf3 b5 18. Be2 Nfe4 19. Nd3 Ne6 20. Bxg7 Nxg7 21.
Qb2 Nc3 22. Rc1 b4 23. Rfe1 f6 24. Bf1 Rfd8 25. Rc2 a5 26. a3 Rc7 27. axb4 axb4
28. Rec1 Rdc8 29. Nde1 Qb6 30. Bc4+ Kh8 31. Nd3 Be4 32. Rd2 Bxd3 33. Rxd3 Nf5
34. Nd4 Nd6 35. Be6 Na4 36. Rxc7 Nxb2 37. Rxc8+ Nxc8 38. Rd2 Qa6 0-1

[Event "GRENKE Chess Open 2018"]
[Site "Karlsruhe GER"]
[Date "2018.03.30"]
[Round "2.43"]
[White "Baldauf, Marco"]
[Black "Schneider, Jana"]
[Result "1/2-1/2"]
[WhiteTitle "IM"]
[BlackTitle "FM"]
[WhiteElo "2481"]
[BlackElo "2236"]
[WhiteFideId "4688210"]
[BlackFideId "12924997"]
[EventDate "2018.03.29"]

1. c4 e5 2. Nc3 Nc6 3. e3 Nf6 4. Nf3 d5 5. cxd5 Nxd5 6. Bb5 Nxc3 7. bxc3 Bd7 8.
O-O e4 9. Nd4 Ne5 10. Rb1 c6 11. Ba4 Qc7 12. f3 exf3 13. Nxf3 Bd6 14. d4 Nxf3+
15. Qxf3 Bxh2+ 16. Kh1 O-O-O 17. e4 Bd6 18. e5 Be7 19. Bb3 Be6 20. Be3 h5 21. c4
Qd7 22. Qf4 b6 23. Rbd1 Bg4 24. Rd2 f6 25. c5 Rhf8 26. e6 Bxe6 27. d5 Bxd5 28.
Bxd5 cxd5 29. cxb6 axb6 30. Bxb6 Bd6 31. Qf3 Qg4 32. Rc1+ Kb8 33. Bxd8 Rxd8 34.
Rxd5 Qxf3 35. gxf3 g5 36. Rc6 Be7 37. Rb5+ Ka7 38. a4 Rd1+ 39. Kg2 Bd8 40. Rc8
Bb6 41. Re8 Rd2+ 42. Kf1 Rf2+ 43. Ke1 Rxf3 44. Re7+ Ka6 45. Ke2 Rf2+ 46. Ke1 Rf3
47. Ke2 Rf2+ 48. Kd3 Rf3+ 49. Ke4 1/2-1/2

[Event "GRENKE Chess Open 2018"]
[Site "Karlsruhe GER"]
[Date "2018.03.30"]
[Round "2.44"]
[White "Jacob, Volker"]
[Black "Kevlishvili, Robby"]
[Result "0-1"]
[BlackTitle "IM"]
[WhiteElo "2236"]
[BlackElo "2472"]
[WhiteFideId "4610857"]
[BlackFideId "1040634"]
[EventDate "2018.03.29"]

1. d4 d5 2. c4 c6 3. Nc3 Nf6 4. e3 e6 5. Nf3 Nbd7 6. Qc2 b6 7. cxd5 exd5 8. Bd3
Bb7 9. O-O Be7 10. Bd2 Qc7 11. Rac1 O-O 12. Ne2 Rfe8 13. Ng3 Rac8 14. Ne5 Nxe5
15. dxe5 Qxe5 16. Bc3 Qc7 17. Bxf6 Bxf6 18. Bxh7+ Kf8 19. Bf5 Rcd8 20. Rfd1 g6
21. Bd3 Kg7 22. Qe2 c5 23. b3 Rh8 24. Ba6 Ba8 25. Qg4 Qe5 26. Nf1 Rh4 27. Qe2 d4
28. exd4 Qg5 29. d5 Bd4 30. Bc4 b5 31. Bxb5 Qxd5 32. Ne3 Qg5 0-1

[Event "GRENKE Chess Open 2018"]
[Site "Karlsruhe GER"]
[Date "2018.03.30"]
[Round "2.45"]
[White "Fedorovsky, Michael"]
[Black "Svane, Frederik"]
[Result "1-0"]
[WhiteTitle "IM"]
[WhiteElo "2471"]
[BlackElo "2234"]
[WhiteFideId "14105454"]
[BlackFideId "12923044"]
[EventDate "2018.03.29"]

1. d4 Nf6 2. c4 b6 3. Nc3 Bb7 4. f3 d5 5. cxd5 Nxd5 6. Nxd5 Qxd5 7. e4 Qd8 8.
Be3 e6 9. Bc4 g6 10. Ne2 Bg7 11. Qd2 Nd7 12. Bg5 Bf6 13. Bh6 c5 14. e5 Bh4+ 15.
g3 Be7 16. d5 b5 17. Bxb5 exd5 18. Nf4 Bg5 19. Bxg5 Qxg5 20. e6 fxe6 21. Nxe6
Qe5+ 22. Kf2 Qd6 23. Rhe1 Kf7 24. Qh6 Ne5 25. Qg7+ Kxe6 26. f4 Qd8 27. Rxe5+ Kd6
28. Qxb7 1-0

[Event "GRENKE Chess Open 2018"]
[Site "Karlsruhe GER"]
[Date "2018.03.30"]
[Round "3.1"]
[White "Bakalchuk, Johnatan"]
[Black "Bacrot, Etienne"]
[Result "1/2-1/2"]
[WhiteTitle "FM"]
[BlackTitle "GM"]
[WhiteElo "2405"]
[BlackElo "2718"]
[WhiteFideId "2810301"]
[BlackFideId "605506"]
[EventDate "2018.03.29"]

1. e4 e5 2. Nf3 Nc6 3. d4 exd4 4. Nxd4 Nf6 5. Nxc6 bxc6 6. e5 Qe7 7. Qe2 Nd5 8.
c4 Nb6 9. Nc3 Ba6 10. Qe4 f6 11. c5 Bxf1 12. Kxf1 Qxc5 13. exf6+ Kf7 14. fxg7
Bxg7 15. Qf3+ Kg8 16. Be3 Qc4+ 17. Kg1 Re8 18. h4 Qf7 19. Qg3 d6 20. h5 h6 21.
Rh4 Re5 22. Ne4 c5 23. Bd2 Nd5 24. a4 c4 1/2-1/2

[Event "GRENKE Chess Open 2018"]
[Site "Karlsruhe GER"]
[Date "2018.03.30"]
[Round "3.2"]
[White "Rapport, Richard"]
[Black "Malek, Daniel"]
[Result "1-0"]
[WhiteTitle "GM"]
[BlackTitle "FM"]
[WhiteElo "2715"]
[BlackElo "2403"]
[WhiteFideId "738590"]
[BlackFideId "4661940"]
[EventDate "2018.03.29"]

1. e4 e5 2. Nf3 Nf6 3. Nxe5 d6 4. Nc4 Nxe4 5. Qe2 Qe7 6. Ne3 c6 7. b3 d5 8. Bb2
Be6 9. g3 Nd7 10. Bg2 Ndf6 11. O-O Qd8 12. d3 Nd6 13. f4 Be7 14. f5 Bd7 15. g4
h6 16. Bxf6 gxf6 17. c4 dxc4 18. bxc4 Kf8 19. Nd2 Qc7 20. a4 h5 21. gxh5 Ne8 22.
Ne4 Ng7 23. Rf3 Rxh5 24. Rh3 Rxh3 25. Bxh3 Qe5 26. Rf1 Re8 27. Kh1 Qd4 28. Nc2
Qb2 29. Qg2 Bd8 30. Rg1 Nxf5 31. Nc5 Bc8 32. Bxf5 Bxf5 33. Qg8+ Ke7 34. Re1+ Be6
35. Rxe6+ fxe6 36. Qg7+ Kd6 37. Ne4+ Ke5 38. Qg3+ 1-0

[Event "GRENKE Chess Open 2018"]
[Site "Karlsruhe GER"]
[Date "2018.03.30"]
[Round "3.3"]
[White "Andreikin, Dmitry"]
[Black "Thinius, Marco"]
[Result "1-0"]
[WhiteTitle "GM"]
[BlackTitle "IM"]
[WhiteElo "2712"]
[BlackElo "2400"]
[WhiteFideId "4158814"]
[BlackFideId "4613112"]
[EventDate "2018.03.29"]

1. Nf3 Nf6 2. g3 g6 3. b3 Bg7 4. Bb2 O-O 5. Bg2 d6 6. d4 Nbd7 7. O-O e5 8. dxe5
Ng4 9. Qd2 Ndxe5 10. c4 Re8 11. Nc3 Bh6 12. Qd4 Bg7 13. Qd2 Bh6 14. Qd1 c6 15.
h3 Nxf3+ 16. exf3 Nf6 17. Ne4 Nxe4 18. fxe4 Bg7 19. Bxg7 Kxg7 20. Qd4+ Qf6 21.
Rad1 Qxd4 22. Rxd4 a5 23. Rxd6 Be6 24. f4 Red8 25. c5 a4 26. Rb1 a3 27. Kf2 Rdc8
28. g4 Rd8 29. Ke3 Kf8 30. e5 Ke7 31. Be4 f5 32. gxf5 gxf5 33. Bd3 Rg8 34. Bc4 1-0